| 000 | 00580nam a22002057a 4500 | ||
|---|---|---|---|
| 003 | OSt | ||
| 005 | 20240625164345.0 | ||
| 008 | 240625b |||||||| |||| 00| 0 eng d | ||
| 020 | _a0335208843 | ||
| 040 | _cDDC | ||
| 082 | _a300.1 PHI 2003 | ||
| 100 |
_aEdited by Gerard, Delanty _917900 |
||
| 245 | _aPhilosophies of Social Science: the classic and contemporary readings | ||
| 260 | _aOpen University press, 2003 | ||
| 300 | _axii,481p; ill: 24.5cm | ||
| 500 | _aReference included | ||
| 650 |
_aSocial science _97174 |
||
| 650 |
_aphilosophy _96457 |
||
| 942 |
_2ddc _cO_SHELF |
||
| 999 |
_c8861 _d8861 |
||